[Event "ch-TUR w"]
[Site "Konya TUR"]
[Date "2010.07.13"]
[Round "7"]
[White "Aslan,C"]
[Black "Oney,Gulumser"]
[Result "0-1"]
[WhiteElo "1572"]
[BlackElo "1789"]

1.e4 d5 2.exd5 Qxd5 3.Nc3 Qd6 4.d4 a6 5.Nf3 Nf6 6.Bc4 e6 7.O-O Be7 8.Ne5 c5
9.Bf4 Qxd4 10.Qf3 Nbd7 11.Nxd7 Bxd7 12.b3 Bc6 13.Qe3 Qxe3 14.Bxe3 Ng4 15.Ne2 Nxe3
16.fxe3 O-O 17.Nf4 Rad8 18.Rf2 b5 19.Be2 Rd2 20.Bd3 Rxf2 21.Kxf2 e5 22.Nh3 Rd8
23.Rd1 Bh4+ 24.g3 Be7 25.Be2 Rxd1 26.Bxd1 Bd7 27.g4 h5 28.Kg3 hxg4 29.Bxg4 f5
30.Be2 Be6 31.c4 bxc4 32.bxc4 Kf8 33.Nf2 Ke8 34.Nd3 Bxc4 35.Bh5+ Kd8 36.Nxe5 Bxa2
37.Be2 a5 38.Nc6+ Kd7 39.Nxa5 Kd6 40.Nb7+ Kd5 41.Nxc5 Bxc5 42.Kf4 Ke6 43.Bd3 Bd6+
44.Kg5 Bxh2 45.Bxf5+ Kd5 46.e4+ Kd4 47.Kg4 Be5 48.Bg6 Bb1 49.Kf3 Bc2 50.Bf5 g5
51.Bg6 Bd1+ 52.Kf2 g4 53.Bf5 g3+ 54.Kg2 Ke3 55.Kg1 Bf3 56.Bh3 Bxe4 57.Bf1 Kf4
58.Bh3 Bd4+ 59.Kf1 Bh1 60.Bg2 Bxg2+ 61.Kxg2 Bc5 62.Kh1 Bd6 63.Kg2 Bc7  0-1

[Event "2nd Artemis Cup"]
[Site "Leros GRE"]
[Date "2010.07.14"]
[Round "2"]
[White "Sahl,S"]
[Black "Kasparov,S"]
[Result "1/2-1/2"]
[WhiteElo "2156"]
[BlackElo "2492"]

1.e4 d5 2.exd5 Qxd5 3.Nc3 Qd6 4.Bc4 Nf6 5.Nge2 a6 6.d3 b5 7.Bb3 Bb7 8.f3 e6
9.O-O Qb6+ 10.Kh1 Nbd7 11.a4 Be7 12.axb5 axb5 13.Rxa8+ Bxa8 14.Qe1 O-O 15.Ne4 c5
16.c3 Rd8 17.Qg3 Bd5 18.Bc2 Qb8 19.Bf4 e5 20.Nxf6+ Bxf6 21.Be3 Qb7 22.Ra1 g6
23.Bg5 Bxg5 24.Qxg5 f6 25.Qe3 Ra8 26.Rb1 Qc7 27.h4 Nf8 28.b4 Ra2 29.Rc1 cxb4
30.Bb1 Rxe2 31.Qxe2 bxc3 32.Ba2 Qf7 33.Bxd5 Qxd5 34.Rxc3 Qd4 35.Qa2+ Kh8
36.Qf7 Qxh4+ 37.Kg1 Qe1+  1/2-1/2

[Event "5th Nana Aleksandria Cup"]
[Site "Poti GEO"]
[Date "2010.07.14"]
[Round "4"]
[White "Javakhadze,Z"]
[Black "Khmiadashvili,T"]
[Result "1/2-1/2"]
[WhiteElo "2354"]
[BlackElo "2171"]

1.e4 d5 2.exd5 Qxd5 3.Nc3 Qd6 4.g3 e5 5.Bg2 Nc6 6.Nge2 a6 7.O-O Bg4 8.f3 Be6
9.b4 Qd7 10.b5 axb5 11.Nxb5 Nd8 12.a4 c6 13.Nbc3 Bh3 14.Bxh3 Qxh3 15.Ne4 f5
16.Ng5 Qh5 17.f4 g6 18.Nf3 e4 19.Ne5 Nf7 20.Kg2 Nxe5 21.fxe5 Ne7 22.Qe1 g5
23.Nc3 Bg7 24.Ba3 Qg4 25.Bxe7 Kxe7 26.Rb1 Rhb8 27.d4 exd3 28.cxd3 Ra5 29.Rb4 f4
30.d4 Qxg3+ 31.Qxg3 fxg3 32.Ne4 Ke6 33.Nxg3 Bf8 34.Rc4 Rd5 35.Rfc1 c5 36.Ne2 b6
37.Kf3 h5 38.Ke3 Be7 39.Kd3 cxd4 40.Rxd4 Rxe5 41.Re4 Kd6 42.Nc3 Kd7 43.Nb5 Bc5
44.Kc2 Rf8 45.Rd1+ Kc8 46.Rd5 Rg8 47.Rxc5+  1/2-1/2

[Event "2nd Open"]
[Site "Rethymno GRE"]
[Date "2010.07.15"]
[Round "4"]
[White "Svetushkin,D"]
[Black "Orlov,And"]
[Result "1-0"]
[WhiteElo "2560"]
[BlackElo "2502"]

1.e4 d5 2.exd5 Qxd5 3.Nc3 Qd8 4.d4 Nf6 5.Bc4 e6 6.Nf3 Nc6 7.O-O Be7 8.Bf4 O-O
9.Re1 a6 10.a3 Nd5 11.Nxd5 exd5 12.Bd3 Bg4 13.c3 Bh5 14.Re3 Bf6 15.Qe2 Ne7
16.Qc2 Bg6 17.Rae1 Bxd3 18.Qxd3 Ng6 19.Be5 Be7 20.Qf5 c6 21.Bg3 Bf6 22.Be5 Be7
23.g4 f6 24.Bg3 Rf7 25.h4 Nf8 26.h5 g6 27.Qf4 g5 28.Qf5 b5 29.Nd2 a5 30.Nb3 Ra7
31.Nc5 Bxc5 32.dxc5 Rae7 33.Bd6 Rxe3 34.Rxe3 a4 35.Qf3 Qd7 36.Qe2 f5 37.Re8 fxg4
38.Qe5 g3 39.Qxg5+  1-0

[Event "Aegean Open"]
[Site "Agios Kirykos GRE"]
[Date "2010.07.16"]
[Round "4"]
[White "Koukoufikis,I"]
[Black "Ornithopoulos,N"]
[Result "0-1"]
[WhiteElo "1771"]
[BlackElo "2080"]

1.e4 d5 2.exd5 Qxd5 3.Nc3 Qd6 4.d4 Nf6 5.Nf3 a6 6.h3 b5 7.Be3 Bb7 8.Bd3 e6
9.a3 Nbd7 10.Qd2 c5 11.dxc5 Nxc5 12.O-O-O Nxd3+ 13.Qxd3 Qxd3 14.Rxd3 Nd5
15.Nxd5 Bxd5 16.Kb1 Be7 17.Rg1 f6 18.Nd4 Kf7 19.Nb3 Rhc8 20.f3 a5 21.Bd2 b4
22.axb4 axb4 23.Rd4 Bxb3 24.cxb3 Bc5 25.Be3 Bxd4 26.Bxd4 e5 27.Be3 Ra5 28.Rd1 Ke6
29.f4 Rd5 30.f5+ Kd6 31.Bd2 Kd7 32.h4 Rc6 33.h5 h6 34.g3 Rcd6 35.Kc2 e4  0-1

[Event "I Open"]
[Site "Girona ESP"]
[Date "2010.07.17"]
[Round "5"]
[White "Salagran Ferragut,G"]
[Black "Parramon Ros,F"]
[Result "0-1"]
[WhiteElo "1725"]
[BlackElo "2066"]

1.e4 d5 2.exd5 Qxd5 3.Nc3 Qd8 4.Bc4 Nf6 5.Nf3 c6 6.d3 b5 7.Bb3 e6 8.O-O Be7
9.Bf4 O-O 10.Ne4 Nd5 11.Bg3 Nd7 12.a4 Nc5 13.Nxc5 Bxc5 14.axb5 cxb5 15.d4 Be7
16.c3 Bb7 17.Bc2 Nf6 18.Qd3 Be4 19.Qe2 Bxc2 20.Qxc2 a5 21.Be5 Qd5 22.Rfe1 Rfc8
23.Qd3 h6 24.Nd2 a4 25.Ne4 Nxe4 26.Rxe4 f5 27.Re2 b4 28.cxb4 Bxb4 29.Qg3 Bf8
30.Qg6 Rc6 31.Rae1 Raa6 32.h3 Qd7 33.Rd2 Rab6 34.Bf4 Qb7 35.Qe8 Rc4 36.Ra1 Qf7
37.Qxf7+ Kxf7 38.Be5  0-1

[Event "Open A"]
[Site "Oberwart AUT"]
[Date "2010.07.17"]
[Round "5"]
[White "Moser,E"]
[Black "Stanec,N"]
[Result "1/2-1/2"]
[WhiteElo "2440"]
[BlackElo "2548"]

1.e4 d5 2.exd5 Qxd5 3.Nc3 Qd8 4.Bc4 Nf6 5.d3 e6 6.Nf3 Be7 7.O-O O-O 8.d4 Nbd7
9.Bf4 a6 10.a4 Nb6 11.Bb3 Nbd5 12.Nxd5 exd5  1/2-1/2

[Event "Canadian Open"]
[Site "Toronto CAN"]
[Date "2010.07.17"]
[Round "8"]
[White "Rozentalis,E"]
[Black "Sapozhnikov,R"]
[Result "1-0"]
[WhiteElo "2631"]
[BlackElo "2248"]

1.e4 d5 2.exd5 Qxd5 3.Nc3 Qd6 4.d4 Nf6 5.Nf3 c6 6.Ne5 Nbd7 7.Nc4 Qc7 8.Be2 Nb6
9.O-O Be6 10.Ne5 g6 11.Bf4 Nbd5 12.Nxd5 Nxd5 13.Bg3 Qd8 14.c4 Nb6 15.d5 cxd5
16.cxd5 Qxd5 17.Qxd5 Bxd5 18.Bb5+ Bc6 19.Nxc6 a6 20.Nd4+ axb5 21.Nxb5 Bh6
22.Nc7+ Kd7 23.Rfd1+ Kc6 24.Nxa8 Rxa8 25.b3 Nd5 26.Rd4 b5 27.a4 b4 28.Rad1 Ra5
29.Rh4 Bg5 30.Rxh7 Nc3 31.Re1 Bd2 32.Rxe7 Nxa4 33.Rc7+ Kb5 34.bxa4+ Rxa4
35.Kf1 b3 36.Rb7+  1-0

[Event "Najdorf Mem Open A"]
[Site "Warsaw POL"]
[Date "2010.07.17"]
[Round "1"]
[White "Van Assendelft,F"]
[Black "Krasiewicz,R"]
[Result "1-0"]
[WhiteElo "2374"]
[BlackElo "2053"]

1.e4 d5 2.exd5 Qxd5 3.Nc3 Qd6 4.Nf3 Nf6 5.d4 a6 6.g3 Bg4 7.Bg2 Nc6 8.O-O O-O-O
9.Be3 e6 10.Qe2 Be7 11.Rfd1 Rhe8 12.a3 Nd5 13.Ne4 Qd7 14.c4 Nxe3 15.fxe3 f5
16.Nf2 Bh5 17.Nd3 Bf6 18.b4 Nxd4 19.exd4 Bxd4+ 20.Nf2 Qa4 21.Rxd4 Rxd4 22.Qe3 Rxc4
23.Ne5 Rc2 24.Qa7 c6 25.g4 Qb5 26.Bxc6 Rxc6 27.Nxc6 bxc6 28.gxh5 Qb7 29.Qd4 e5
30.Qc4 Re7 31.Rd1 Qb5 32.Qg8+ Kb7 33.Qd8 Rc7 34.Nd3 Rc8 35.Nc5+ Kb8 36.Qe7  1-0

[Event "ZDMI Open"]
[Site "Dresden GER"]
[Date "2010.07.18"]
[Round "9"]
[White "Hoffmann,Pau"]
[Black "Schmid,T2"]
[Result "1/2-1/2"]
[WhiteElo "2382"]
[BlackElo "2268"]

1.e4 d5 2.exd5 Qxd5 3.Nc3 Qd6 4.d4 Nf6 5.Nge2 a6 6.Bf4 Qd8 7.g3 Bg4 8.Bg2 c6
9.h3 Bh5 10.g4 Bg6 11.Bg5 e6 12.O-O Nbd7 13.Nf4 Qa5 14.h4 Bd6 15.d5 cxd5
16.h5 Qc7 17.Nh3 Be4 18.Nxe4 Nxe4 19.Bxe4 dxe4 20.Qd4 Bc5 21.Qxe4 Qg3+ 22.Qg2 Qxg2+  1/2-1/2

[Event "Andorra Open"]
[Site "La Massana AND"]
[Date "2010.07.18"]
[Round "2"]
[White "Diez Fraile,D"]
[Black "Ipatov,A ESP"]
[Result "0-1"]
[WhiteElo "2173"]
[BlackElo "2507"]

1.e4 d5 2.exd5 Qxd5 3.Nc3 Qd6 4.d4 Nf6 5.Nf3 a6 6.Be3 Nc6 7.Qd2 Bg4 8.Ng5 e6
9.f3 Bf5 10.O-O-O Nd5 11.Nge4 Qd7 12.Nxd5 exd5 13.Ng3 Bg6 14.Bd3 Bxd3 15.Qxd3 Nb4
16.Qb3 a5 17.Bd2 O-O-O 18.Bxb4 axb4 19.Rhe1 h5 20.Kb1 Rh6 21.Ne2 Qd6 22.g3 h4
23.Qa4 Qa6 24.Qxa6 bxa6 25.Nf4 c6 26.Nd3 Bd6 27.f4 hxg3 28.hxg3 Rh3 29.Rg1 Re8
30.Nf2 Rh5 31.Rde1 Rxe1+ 32.Rxe1 Rh2 33.Nd3 Rg2 34.Re3 Rg1+ 35.Ne1 c5 36.c3 c4
37.Kc2 a5 38.b3 Kc7 39.Kd1 Kb6 40.Ke2 bxc3 41.Kf2 cxb3 42.a3 Rh1 43.Kg2 Rxe1
44.Rxe1 Bxa3 45.Re2 Kb5 46.Kf3 Kb4 47.Ke3 b2  0-1

[Event "XIV Battle Of Senta"]
[Site "Senta SRB"]
[Date "2010.07.18"]
[Round "2"]
[White "Dudukovic,N"]
[Black "Bodiroga,P"]
[Result "1/2-1/2"]
[WhiteElo "2244"]
[BlackElo "2406"]

1.e4 d5 2.exd5 Qxd5 3.Nc3 Qd6 4.Nf3 Nf6 5.g3 Bg4 6.Bg2 c6 7.h3 Bxf3 8.Qxf3 Nbd7
9.O-O e6 10.b4 Be7 11.b5 Rc8 12.a4 Nb8 13.a5 O-O 14.a6 b6 15.bxc6 Nxc6 16.Nb5 Qd7
17.c4 Nd4 18.Qd3 Nxb5 19.Qxd7 Nxd7 20.cxb5 Rfd8 21.Bb7 Rc4 22.d3 Rc2 23.Be3 Kf8
24.Rfc1 Rxc1+ 25.Rxc1 Bd6 26.Kf1 Bc5 27.Bxc5+ bxc5 28.Bc6 Nf6 29.Ke2 Rd4
30.Rxc5 Ke7 31.Bb7 Kd8 32.Rc6 Ra4 33.Ke3 Nd5+ 34.Kd2 Ra2+ 35.Kc1 Nb6 36.f4 f5
37.Rc5 g6 38.h4 Kd7 39.Kb1 Ra5 40.Kc2 Kd6 41.d4 Ra3 42.Kb2 Ra4 43.Kb3 Ra5
44.Kb4 Ra1 45.Kb3 Kd7 46.Kb2 Ra4 47.Kc3 Ra3+ 48.Kb2 Ra4 49.Kc3 Ra1 50.Kb3 Kd6
51.Rc6+ Kd7 52.Rc5 Ra5 53.Bc6+ Ke7 54.Bb7 Kd6 55.Bc6 Ke7 56.Bb7  1/2-1/2

[Event "XIX ch-Macedonia Open"]
[Site "Struga MKD"]
[Date "2010.07.18"]
[Round "1"]
[White "Stojanovski,K"]
[Black "Nikolov,Sas"]
[Result "1-0"]
[WhiteElo "2125"]
[BlackElo "2409"]

1.e4 d5 2.exd5 Qxd5 3.Nc3 Qd6 4.d4 Nf6 5.Nf3 a6 6.h3 Nc6 7.Be3 Bf5 8.a3 e6
9.Bd3 Bg6 10.Qd2 O-O-O 11.O-O-O Nd5 12.Nxd5 Qxd5 13.c4 Qa5 14.Bxg6 Qxd2+
15.Rxd2 hxg6 16.Rhd1 Bd6 17.c5 Be7 18.Ne5 Nxe5 19.dxe5 Rxd2 20.Rxd2 Rh4 21.Rd4 Rxd4
22.Bxd4 Kd7 23.b4 Kc6 24.Kc2 Kd5 25.Kd3 Bg5 26.g3 Bc1 27.a4 Ba3 28.Bc3 a5
29.c6 Kxc6 30.b5+ Kb6 31.Kc4 Bc5 32.f3 Bf2 33.g4 Be3 34.Be1 c6 35.bxc6 bxc6
36.Bc3 g5 37.Be1 c5 38.Bc3 Bd4 39.Bd2 Bxe5 40.Bxg5 f6 41.Be3 Bd6 42.h4 Kc6
43.h5 Be7 44.f4 Bd6 45.g5 Bf8 46.g6 f5 47.Bxc5  1-0

[Event "Canadian Open"]
[Site "Toronto CAN"]
[Date "2010.07.18"]
[Round "9"]
[White "Sapozhnikov,R"]
[Black "Yee,L"]
[Result "1/2-1/2"]
[WhiteElo "2248"]
[BlackElo "2195"]

1.e4 d5 2.exd5 Qxd5 3.Nc3 Qd6 4.d4 Nf6 5.Nf3 c6 6.Ne5 Nbd7 7.Nc4 Qc7 8.Be2 Nb6
9.O-O Nxc4 10.Bxc4 Bf5 11.Qe2 e6 12.d5 cxd5 13.Bb5+ Kd8 14.Bg5 Bd6 15.g3 a6
16.Bd3 Bxd3 17.cxd3 h6 18.Be3 b5 19.Rfc1 Qb7 20.a4 b4 21.Nb1 Ke7 22.Nd2 Rhc8
23.Nb3 Kf8 24.Qf3 Qe7 25.Na5 e5 26.d4 Qe6 27.dxe5 Bxe5 28.Re1 Qg4 29.Qe2 Qxe2
30.Rxe2 Ng4 31.Bd2 Bd6 32.Nb7 Be7 33.Rae1 Rc2 34.Rxe7 Rxd2 35.Nd6 Kg8 36.Rxf7 Rd8
37.Ree7 Rxd6 38.Rxg7+ Kf8 39.Rgf7+ Kg8 40.Rg7+ Kf8 41.Ref7+ Ke8 42.Re7+  1/2-1/2

[Event "Najdorf Mem Open A"]
[Site "Warsaw POL"]
[Date "2010.07.18"]
[Round "2"]
[White "Bernotas,A"]
[Black "Pazderski,Z"]
[Result "1-0"]
[WhiteElo "2059"]
[BlackElo "2246"]

1.e4 d5 2.exd5 Qxd5 3.Nc3 Qd6 4.d4 Nf6 5.Nf3 a6 6.g3 Bg4 7.h3 Bxf3 8.Qxf3 Nc6
9.Be3 e6 10.O-O-O Nd5 11.Nxd5 Qxd5 12.Qxd5 exd5 13.Bg2 O-O-O 14.Rhe1 Be7
15.h4 h6 16.c3 Bf6 17.h5 b5 18.Bf4 Kb7 19.Re2 Kb6 20.Rde1 b4 21.Kc2 Rhf8
22.a3 bxa3 23.bxa3 Na5 24.Rb1+ Kc6 25.Kd3 Rb8 26.Rb4 Rxb4 27.cxb4 Nc4 28.Rc2 Kb5
29.Bxd5 Nxa3 30.Rc5+ Kb6 31.Bxc7+ Ka7 32.Bd6 Rd8 33.Rc7+ Kb8 34.Rd7+ Kc8
35.Rxd8+ Kxd8 36.Bxf7 Nb5 37.Bc5 Kd7 38.Bc4 Nc7 39.Ke4 Kc6 40.d5+ Kd7 41.Kf5 Bc3
42.Kg6 Ke8 43.d6 Nb5 44.Be6 Bd4 45.d7+ Kd8 46.Bf8 Nc7 47.Kf7 Bf6 48.f4  1-0

[Event "Najdorf Mem Open A"]
[Site "Warsaw POL"]
[Date "2010.07.18"]
[Round "2"]
[White "Wisniowska,K"]
[Black "Zurkowski,A"]
[Result "1/2-1/2"]
[WhiteElo "1999"]
[BlackElo "2175"]

1.e4 d5 2.exd5 Qxd5 3.Nc3 Qd6 4.d4 Nf6 5.Nf3 c6 6.Ne5 e6 7.g3 Qc7 8.a4 Bd6
9.Nc4 O-O 10.Bg2 Nbd7 11.O-O Rd8 12.Nxd6 Qxd6 13.Bf4 Qe7 14.Bc7 Re8 15.Re1 Qb4
16.Qd3 Nb6 17.Be5 Nfd5 18.Nxd5 cxd5 19.b3 Bd7 20.Bf4 Rac8 21.Bd2 Qd6 22.Re3 a6
23.g4 f5 24.Re5 Rf8 25.h3 Bc6 26.Rae1 Rce8 27.gxf5 exf5 28.Rxf5 Rxe1+ 29.Bxe1 Re8
30.Bd2 Qg6 31.Rf3 Qxd3 32.Rxd3 Nd7 33.Re3 Nf6 34.Rxe8+ Bxe8 35.Bg5 Ne4 36.Bxe4 dxe4
37.Kg2 Bh5 38.a5  1/2-1/2

[Event "Aegean Open"]
[Site "Agios Kirykos GRE"]
[Date "2010.07.19"]
[Round "7"]
[White "Megalios,K"]
[Black "Dounis,A"]
[Result "1/2-1/2"]
[WhiteElo "1896"]
[BlackElo "2235"]

1.e4 d5 2.exd5 Qxd5 3.Nc3 Qd6 4.d4 Nf6 5.Nf3 a6 6.g3 Bg4 7.h3 Bh5 8.Be2 Bxf3
9.Bxf3 c6 10.d5 cxd5 11.Nxd5 Nc6 12.Be3 Rd8 13.Nxf6+ Qxf6 14.Qe2 g6 15.O-O Bg7
16.c3 O-O 17.Rfd1 h5 18.h4 Qe6 19.Bc5 Rxd1+ 20.Rxd1 Qxa2 21.Rd7 Qb1+ 22.Kg2 Qf5
23.Rxb7 Qxc5 24.Rc7 Qe5  1/2-1/2

[Event "Sparkassen Open A"]
[Site "Dortmund GER"]
[Date "2010.07.19"]
[Round "3"]
[White "Henkemeier,Markus"]
[Black "Zimmermann,Dir"]
[Result "0-1"]
[WhiteElo "1822"]
[BlackElo "2085"]

1.e4 d5 2.exd5 Qxd5 3.Nc3 Qd6 4.Nf3 c6 5.d4 Bg4 6.Be2 Nf6 7.O-O e6 8.Ne5 Bxe2
9.Nxe2 Be7 10.Bg5 O-O 11.f4 Nd5 12.Bxe7 Qxe7 13.Qd2 Nd7 14.c4 N5b6 15.Qc2 c5
16.Nxd7 Nxd7 17.Rad1 Rad8 18.d5 exd5 19.Rxd5 Rfe8 20.Ng3 g6 21.f5 Nf6 22.fxg6 fxg6
23.Rxd8 Rxd8 24.Qf2 Ng4 25.Qf4 Qe3+ 26.Qxe3 Nxe3 27.Rf4 Rd2 28.Ne4 Rxg2+
29.Kh1 Rxb2 30.h4 b6 31.Ng5 Nf5 32.h5 Rxa2 33.hxg6 hxg6 34.Rg4 Re2 35.Nh3 Re1+
36.Kh2 Kg7 37.Nf4 Ne7 38.Nh5+ Kf7 39.Rf4+ Nf5 40.Ng3 Ke6 41.Nf1 g5 42.Rf2 g4  0-1

[Event "I Open"]
[Site "Girona ESP"]
[Date "2010.07.19"]
[Round "7"]
[White "Gallegos Saliner,J"]
[Black "Montpart Pons,J"]
[Result "0-1"]
[WhiteElo "1560"]
[BlackElo "1937"]

1.e4 d5 2.exd5 Qxd5 3.Nc3 Qd8 4.d4 c6 5.Nf3 Bg4 6.Be2 Nf6 7.Bg5 e6 8.Qd2 Be7
9.O-O O-O 10.h3 Bh5 11.Rad1 Nbd7 12.Qe3 Re8 13.Ne5 Bxe2 14.Nxe2 Qa5 15.a3 Rad8
16.Qg3 Ne4 17.Bd2 Nxg3 18.Bxa5 Nxe2+ 19.Kh1 b6 20.Bd2 Nxe5 21.dxe5 Nd4 22.c3 Nb3
23.Be3 Nc5 24.Rb1 Rd3  0-1

[Event "Open A"]
[Site "Oberwart AUT"]
[Date "2010.07.19"]
[Round "7"]
[White "Froewis,G"]
[Black "Stanec,N"]
[Result "0-1"]
[WhiteElo "2279"]
[BlackElo "2548"]

1.e4 d5 2.exd5 Qxd5 3.Nc3 Qd8 4.Bc4 Nf6 5.d4 g6 6.Nge2 Bg7 7.Bf4 O-O 8.Qd2 a6
9.Bb3 Nbd7 10.O-O-O b5 11.f3 Bb7 12.Bh6 c5 13.Bxg7 Kxg7 14.dxc5 Nxc5 15.Qg5 Nxb3+
16.axb3 Qc7 17.Ng3 e6 18.Rd2 h6 19.Qe3 Rfd8 20.Rhd1 Rxd2 21.Qxd2 b4 22.Nce4 Bxe4
23.fxe4 Rc8 24.Kb1 a5 25.Rf1 Rd8 26.Qe2 Qe5 27.Re1 h5 28.Nf1 Rd4 29.Nd2 Qf4
30.Nf3 Rxe4 31.Qf1 Nd5 32.Rxe4 Qxe4 33.h4 e5 34.Ka2 Qxc2 35.Nxe5 Nc3+ 36.Ka1 Qxb3  0-1

[Event "XIX ch-Macedonia Open"]
[Site "Struga MKD"]
[Date "2010.07.19"]
[Round "3"]
[White "Stanojoski,Z"]
[Black "Koskoska,G"]
[Result "1-0"]
[WhiteElo "2487"]
[BlackElo "2152"]

1.e4 d5 2.exd5 Qxd5 3.Nc3 Qd8 4.d4 c6 5.Bc4 Bf5 6.g4 Bg6 7.Nf3 Nd7 8.Qe2 e6
9.Bd2 Be7 10.O-O-O Qc7 11.Ne5 O-O-O 12.f4 Bd6 13.f5 exf5 14.gxf5 Bxe5 15.fxg6 Bxd4
16.gxf7 Ngf6 17.Be6 Kb8 18.Rhf1 Ka8 19.Qg2 Nf8 20.Bb3 Ng6 21.Ne4 c5 22.Ng5 c4
23.Ba4 c3 24.bxc3 Bxc3 25.Ne6 Qb6 26.Bb3 Rxd2 27.Rxd2 Bxd2+ 28.Qxd2 Nf8 29.Nxg7 Ne4
30.Re1 Qf6 31.c3 Ne6 32.Rxe4 Nxg7 33.Kb2 Rf8 34.Qd4  1-0

[Event "Open A"]
[Site "Oberwart AUT"]
[Date "2010.07.20"]
[Round "8"]
[White "Palac,M"]
[Black "Hera,I"]
[Result "1/2-1/2"]
[WhiteElo "2562"]
[BlackElo "2585"]

1.e4 d5 2.exd5 Qxd5 3.Nc3 Qd6 4.d4 Nf6 5.Nf3 c6 6.Be3 Bg4 7.h3 Bh5 8.g4 Bg6
9.Ne5 Nbd7 10.f4 e6 11.Qe2 Nd5 12.Nxd5 Be4 13.Bg2  1/2-1/2

[Event "Najdorf Mem Open A"]
[Site "Warsaw POL"]
[Date "2010.07.20"]
[Round "4"]
[White "Spicak,K"]
[Black "Pazderski,Z"]
[Result "1/2-1/2"]
[WhiteElo "2026"]
[BlackElo "2246"]

1.e4 d5 2.exd5 Qxd5 3.Nc3 Qd6 4.d4 Nf6 5.Bd3 Bg4 6.f3 Bh5 7.Nge2 e6 8.O-O c6
9.Bf4 Qd8 10.Kh1 Be7 11.Qe1 O-O 12.g4 Bg6 13.Bxg6 hxg6 14.Rd1 Nbd7 15.Bg3 Qb6
16.b3 Bb4 17.Qf2 Qa5 18.Qe3 Rac8 19.a3 Be7 20.b4 Qa6 21.Nb1 Nb6 22.Nec3 Nc4
23.Qe2 b5 24.Rd3 Rfd8 25.Nd1 Rd7 26.c3 Nd5 27.f4 Bd6 28.h4 Qb7 29.Kg1 Qb8
30.Rdf3 Re8 31.Qh2 Qd8 32.Nd2 Nxd2 33.Qxd2 f5 34.g5 a5 35.Ne3 axb4 36.cxb4 Nxe3
37.Rxe3 Bc7 38.Rd1 Bb6 39.Rd3 Kf7 40.Kh2 Rd6 41.Qc2 Qc7 42.Bf2 Red8 43.Kg3 Qa7
44.Qc3 Qc7 45.Be3 Qd7 46.Qb2 Qe8 47.Qb3 Qh8 48.Qb2 Qh5 49.Qh2 Qg4+ 50.Kf2 Rh8
51.Rh1 Rd5 52.Qg3 Qxg3+ 53.Kxg3 Rhd8 54.Rhd1 Bc7 55.Kf3 e5 56.fxe5 Bxe5 57.Rc3 Bxd4
58.Rxc6 Bb2 59.Rxd5 Rxd5 60.Ke2 Re5 61.Kd3 Bxa3 62.Bc5 Rd5+ 63.Kc2 f4 64.Ra6 Rxc5+
65.bxc5 Bxc5 66.Ra5 Bf2 67.Rxb5 Bxh4 68.Kd3 f3 69.Ke3 f2 70.Ke2 Ke6 71.Kf1 Bg3
72.Kg2 Bh4 73.Ra5 Ke7 74.Re5+ Kf7 75.Kf1 Kf8 76.Kg2 Kf7 77.Rb5 Ke7  1/2-1/2

[Event "Aegean Open"]
[Site "Agios Kirykos GRE"]
[Date "2010.07.21"]
[Round "9"]
[White "Dimopoulos,N"]
[Black "Kontos,V"]
[Result "1-0"]
[WhiteElo "1933"]
[BlackElo "1714"]

1.e4 d5 2.exd5 Qxd5 3.Nc3 Qd6 4.Nf3 Bg4 5.Be2 Nf6 6.d3 c6 7.h3 Bh5 8.Be3 e6
9.O-O Nbd7 10.Ng5 Bg6 11.Nge4 Nxe4 12.Nxe4 Bxe4 13.dxe4 Qxd1 14.Rfxd1 Nf6
15.f3 b6 16.a4 Nd7 17.a5 b5 18.Rd3 a6 19.Rad1 Bc5 20.Bxc5 Nxc5 21.Rc3 Nb7
22.Rxc6 Nxa5 23.Rc7 O-O 24.b4 Nc4 25.Bxc4 bxc4 26.Rxc4 g6 27.Kf2 a5 28.bxa5 Rxa5
29.Rd7 Raa8 30.Rcc7 Rac8 31.Rxf7 Rxf7 32.Rxc8+ Kg7 33.c4 Kf6 34.f4 g5 35.g3 h5
36.Ke3 Rg7 37.e5+ Kg6 38.Rf8 gxf4+ 39.Rxf4 Rc7 40.Kd3 Rc6 41.Kd4 Kg5 42.h4+ Kg6
43.c5 Kg7 44.Kc4 Ra6 45.Kb5 Ra2 46.c6 Rb2+ 47.Kc5 Kg6 48.c7  1-0

[Event "Aegean Open"]
[Site "Agios Kirykos GRE"]
[Date "2010.07.21"]
[Round "9"]
[White "Teskos,G"]
[Black "Dounis,A"]
[Result "0-1"]
[WhiteElo "1659"]
[BlackElo "2235"]

1.e4 d5 2.exd5 Qxd5 3.Nc3 Qd6 4.g3 Nf6 5.Bg2 a6 6.Nge2 Nc6 7.d3 e5 8.f4 Bg4
9.h3 Bxe2 10.Qxe2 O-O-O 11.O-O exf4 12.Bxf4 Qb4 13.Bxc6 Qb6+ 14.Be3 Qxc6
15.a3 Bd6 16.Qf3 Qd7 17.Kg2 Rhe8 18.Bd4 Re6 19.Rae1 Rxe1 20.Rxe1 Bxg3 21.Qxg3 Qxd4
22.Re7 Rd7 23.Rxd7 Nxd7 24.Qf3 Qf6 25.Qe4 Qg6+ 26.Qxg6 hxg6 27.Ne4 Kd8 28.Kf3 Ke7
29.h4 f6 30.d4 Nf8 31.Nc5 Ne6 32.Nb3 Kd6 33.Ke3 Kd5 34.c3 c5 35.dxc5 Nxc5
36.Na5 b6 37.c4+ Kd6 38.b4 bxa5 39.bxc5+ Kxc5 40.Kd3 a4 41.Kc3 g5  0-1

[Event "Aegean Open"]
[Site "Agios Kirykos GRE"]
[Date "2010.07.21"]
[Round "9"]
[White "Kokolias,K"]
[Black "Ornithopoulos,N"]
[Result "0-1"]
[WhiteElo "2238"]
[BlackElo "2080"]

1.e4 d5 2.exd5 Qxd5 3.Nc3 Qd6 4.d4 Nf6 5.Bd3 a6 6.Nge2 b5 7.Bf4 Qd7 8.a4 b4
9.Ne4 Nxe4 10.Bxe4 c6 11.d5 c5 12.d6 Bb7 13.dxe7 Qxe7 14.Bd5 g6 15.Bxb7 Qxb7
16.Be5 Rg8 17.O-O Nd7 18.Bg3 O-O-O 19.c3 Nf6 20.Qb3 bxc3 21.Qc4 cxb2 22.Rab1 Ne4
23.Be5 Nd2 24.Qc3 Nxb1 25.Rxb1 Qd5 26.Bd4 Kd7 27.Bf6 Be7 28.Qxb2 Rb8  0-1

[Event "Corporation Centre Cup"]
[Site "Izhevsk RUS"]
[Date "2010.07.21"]
[Round "7"]
[White "Galimzianova,A"]
[Black "Goryachkina,A"]
[Result "0-1"]
[WhiteElo "1919"]
[BlackElo "2014"]

1.e4 d5 2.exd5 Qxd5 3.Nc3 Qd6 4.d4 Nf6 5.Nf3 a6 6.g3 b5 7.Bg2 Bb7 8.Bf4 Qb6
9.O-O e6 10.Re1 Be7 11.a4 b4 12.a5 Qa7 13.Na4 Nd5 14.Bg5 Nd7 15.c4 bxc3 16.bxc3 O-O
17.c4 Bxg5 18.cxd5 Bf6 19.dxe6 fxe6 20.Rxe6 Bd5 21.Re3 Rad8 22.Rd3 Be4 23.Rd2 c5
24.Qb3+ Kh8 25.Re1 Bxf3 26.Bxf3 Bxd4 27.Qb7 Qxb7 28.Bxb7 Ne5 29.Nb6 Rde8
30.Red1 Ng4 31.Rxd4 cxd4 32.Bxa6 Nxf2 33.Rxd4 g5 34.Rd2 Nh3+ 35.Kg2 g4 36.Bc8 h5
37.Rd1 Rf2+ 38.Kh1 Ree2 39.Rd8+ Kg7 40.Rd7+ Kf8  0-1

[Event "21st Czech Rapid Open"]
[Site "Pardubice CZE"]
[Date "2010.07.21"]
[Round "2"]
[White "Maslak,K"]
[Black "Bibik,J"]
[Result "1-0"]
[WhiteElo "2560"]
[BlackElo "2303"]

1.e4 d5 2.exd5 Qxd5 3.Nc3 Qd6 4.d4 Nf6 5.Nf3 a6 6.Bd3 Nc6 7.Be3 Bg4 8.h3 Bxf3
9.Qxf3 O-O-O 10.O-O-O e6 11.g4 h6 12.h4 Nb4 13.Bc4 Qc6 14.Qxc6 Nxc6 15.f3 Nd5
16.Nxd5 exd5 17.Bd3 Bd6 18.c3 Rde8 19.Bd2 Re7 20.h5 Rhe8 21.Rdf1 Kb8 22.Kd1 b5
23.a4 Na7 24.f4 Kb7 25.g5 bxa4 26.gxh6 gxh6 27.f5 Rh8 28.Rhg1 Ree8 29.Rg7 Ref8
30.f6 Nc6 31.Kc2 Nd8 32.Ra1 a3 33.b4 a5 34.bxa5 Nc6 35.a6+ Ka7 36.Bc1 Na5
37.Bxa3 Bxa3 38.Rxa3 Nc4 39.Bxc4 dxc4 40.Ra4 Rc8 41.Rxf7 Rhf8 42.Rxf8 Rxf8
43.Rxc4  1-0

[Event "4th Open"]
[Site "Vecindario ESP"]
[Date "2010.07.21"]
[Round "5"]
[White "Pile,R"]
[Black "Kurajica,B"]
[Result "1/2-1/2"]
[WhiteElo "2317"]
[BlackElo "2528"]

1.e4 d5 2.exd5 Qxd5 3.Nc3 Qd6 4.d4 Nf6 5.Nf3 g6 6.Ne5 Bg7 7.Be2 O-O 8.Nc4 Qd8
9.O-O Nc6 10.Be3 Bf5 11.a3 Qc8 12.Ne5 Nxe5 13.dxe5 Rd8 14.Qc1 Ng4 15.Bxg4 Bxg4
16.Bg5 Bxe5 17.Bxe7 Re8 18.Bh4 Bf5 19.Re1 c6 20.Ne2 Bg7 21.c3 Bd3 22.Nd4 c5
23.Nf3 Be2 24.Qd2 Bxf3 25.Rxe8+ Qxe8 26.gxf3 Qc6 27.Kg2 Re8 28.Re1 Rxe1 29.Qxe1 h6
30.Bg3 c4 31.Qe7 Qd5 32.a4 f5 33.Bd6 g5 34.Kg3 Kh7 35.h3 a6 36.f4 Qd3+ 37.Kh2 Qf3
38.Be5 Qxf2+ 39.Kh1 Qf3+ 40.Kh2 Qe2+ 41.Kh1 Qd1+ 42.Kh2 Qc2+ 43.Kg1 Qb1+
44.Kh2 Qc2+ 45.Kg1 Qd1+ 46.Kh2 Qb1  1/2-1/2

[Event "Sparkassen Open A"]
[Site "Dortmund GER"]
[Date "2010.07.22"]
[Round "6"]
[White "Michalczak,T"]
[Black "Schiefelbusch,D"]
[Result "1-0"]
[WhiteElo "2367"]
[BlackElo "2135"]

1.e4 d5 2.exd5 Qxd5 3.Nc3 Qd6 4.d4 Nf6 5.Nf3 a6 6.g3 Bg4 7.Bg2 e6 8.O-O Nbd7
9.h3 Bxf3 10.Qxf3 c6 11.Qd3 Be7 12.Bf4 Qb4 13.a3 Qb6 14.b4 O-O 15.Na4 Qb5
16.Qb3 Rad8 17.Rfd1 Qf5 18.Re1 h6 19.Rad1 Rfe8 20.c4 Bf8 21.Bc7 Rc8 22.Be5 Rcd8
23.Nc5 Bxc5 24.bxc5 Nxe5 25.Rxe5 Qg6 26.Qxb7 Qc2 27.Ree1 Qxc4 28.Bxc6 Rb8
29.Qa7 Red8 30.Bg2 Rb2 31.c6 Nd5 32.Rc1 Qa2 33.Qd7  1-0

[Event "Corporation Centre Cup"]
[Site "Izhevsk RUS"]
[Date "2010.07.22"]
[Round "8"]
[White "Terentjev,V"]
[Black "Ovetchkin,R"]
[Result "1-0"]
[WhiteElo "2299"]
[BlackElo "2511"]

1.e4 d5 2.exd5 Qxd5 3.Nc3 Qd6 4.d4 Nf6 5.Nf3 c6 6.g3 Bf5 7.Bg2 e6 8.O-O Be7
9.Bf4 Qb4 10.Nh4 Bg4 11.Qd2 O-O 12.h3 Bh5 13.g4 Bg6 14.Nxg6 hxg6 15.a3 Qb6
16.Na4 Qd8 17.c4 Nbd7 18.Nc3 Re8 19.Rad1 Bf8 20.Rfe1 Nb6 21.Qe2 a5 22.h4 a4
23.Bf3 Nc8 24.g5 Nd7 25.d5 cxd5 26.Nb5 e5 27.Bxd5 Ncb6 28.Be3 Nxd5 29.Rxd5 Qc8
30.Qg4 f5 31.Qh3 Qxc4 32.Nc3 Qc6 33.h5 Nb6 34.hxg6 Qxg6 35.Bxb6 Qxb6 36.Qxf5 Bc5
37.Ne4 Rf8 38.Nf6+ gxf6 39.Qg6+ Kh8 40.Kg2  1-0

[Event "21st Czech Rapid Open"]
[Site "Pardubice CZE"]
[Date "2010.07.22"]
[Round "6"]
[White "Grigoriants,S RUS"]
[Black "Hasangatin,R"]
[Result "1/2-1/2"]
[WhiteElo "2566"]
[BlackElo "2498"]

1.e4 d5 2.exd5 Qxd5 3.Nc3 Qd6 4.d4 c6 5.Bc4 Nf6 6.Nge2 Bf5 7.Bf4 Qb4 8.Bb3 e6
9.O-O Nbd7 10.Re1 Be7 11.Bc7 Bd8 12.a3 Qe7 13.Bf4 Nb6 14.Ng3 Bg6 15.Nce4 Nxe4
16.Nxe4 Bxe4 17.Rxe4 Bc7 18.Bxc7 Qxc7 19.Qg4 O-O 20.Rae1 Nd5 21.Re5 b5 22.c3 Rae8
23.Bc2 g6 24.h4 Qe7 25.h5 Qf6 26.Qg3 Kh8 27.R1e4 Rg8 28.hxg6 hxg6 29.Rg4 Kg7
30.Reg5 Kf8 31.Qd6+ Qe7 32.Qh2 Qf6 33.Qd6+ Qe7 34.Qh2 Qf6  1/2-1/2